=LDR 00000nam 2200000 4500 =001 INLIS000000000047725 =005 20160215093802.0 =006 =007 =008 =035 ##$$0010-021600000000113 =040 ##$$a NPBDMAT =082 ##$$a 351.959 862 =090 ##$$a 351.959 862 $b Men m =245 ##$$a Menggugah Bali : Potret Perjalanan FIP2B. -- cet.1 =260 ##$$a [s.l] : $b Forum Independen Pemantau Pembangunan Bali $c 2001 =300 ##$$a xiv, 174 hlm : $b ilus $c 20 cm =650 ##$$a Pengawasan Pemerintahan Bali